Statistiques concernant Basket - MVP en NBA

Cliquez ici pour prendre le quiz!

Statistiques générales

  • Ce quiz a été pris 10 726 fois
    (10 531 depuis la dernière actualisation)
  • Le résultat moyen est 35 sur 59

Statistiques - réponses

HintRéponse% Correct
2013LeBron James
97%
2012LeBron James
97%
2010LeBron James
97%
2009LeBron James
97%
1998Michael Jordan
96%
1996Michael Jordan
96%
1992Michael Jordan
96%
1991Michael Jordan
96%
1988Michael Jordan
96%
2008Kobe Bryant
89%
2000Shaquille O'Neal
78%
2014Kevin Durant
77%
1984Larry Bird
76%
1986Larry Bird
76%
1985Larry Bird
76%
1987Magic Johnson
70%
1990Magic Johnson
70%
1989Magic Johnson
70%
2003Tim Duncan
70%
2002Tim Duncan
70%
1968Wilt Chamberlain
70%
1960Wilt Chamberlain
70%
1966Wilt Chamberlain
70%
1967Wilt Chamberlain
70%
1976Kareem Abdul-Jabbar
64%
1972Kareem Abdul-Jabbar
64%
1977Kareem Abdul-Jabbar
64%
1974Kareem Abdul-Jabbar
64%
1971Kareem Abdul-Jabbar
64%
1980Kareem Abdul-Jabbar
64%
2011Derrick Rose
61%
2001Allen Iverson
58%
2006Steve Nash
57%
2005Steve Nash
57%
1963Bill Russell
55%
1965Bill Russell
55%
1962Bill Russell
55%
1961Bill Russell
55%
1958Bill Russell
55%
1994Hakeem Olajuwon
53%
1997Karl Malone
50%
1999Karl Malone
50%
1982Moses Malone
50%
1983Moses Malone
50%
1979Moses Malone
50%
2007Dirk Nowitzki
48%
2004Kevin Garnett
42%
1993Charles Barkley
41%
1995David Robinson
39%
1964Oscar Robertson
29%
1981Julius Erving
26%
1957Bob Cousy
25%
1959Bob Pettit
21%
1956Bob Pettit
21%
1978Bill Walton
14%
1975Bob McAdoo
11%
1969Wes Unseld
11%
1970Willis Reed
10%
1973Dave Cowens
7%

Distribution des résultats

Percentile par nombre de réponses

% des personnes avec chaque résultat

Votre développement - résultats

Vous n’avez pas pris ce quiz depuis la dernière actualisation